Marc Chagall.

Uložené v:
Podrobná bibliografia
Hlavný autor: Le Targat, François
Médium: Kniha
Jazyk:Czech
Vydané: Praha : Odeon, 1987.
Fyzický popis: 140 strán.
Tagy: Pridať tag
Žiadne tagy, Buďte prvý kto otaguje tento záznam!

MARC

LEADER 00000nam a22000002i 4500
001 000722021
005 20241120192335.0
008 241120s1987 xr e 000 0 cze d
020 |c Kčs 150,00  |q (viazané) 
040 |a SVKKK  |b slo  |c SVKKK  |e rda 
100 1 |a Le Targat, François 
245 1 0 |a Marc Chagall. 
264 1 |a Praha :  |b Odeon,  |c 1987. 
300 |a 140 strán. 
336 |a text  |b txt  |2 rdacontent 
337 |a bez média  |b n  |2 rdamedia 
338 |a zväzok  |b nc  |2 rdacarrier 
500 |a Záznam revízie 
910 |a svkkk 
998 |a BK 
090 |g SCKHL  |k Sklad Pribinova 3. posch.  |a V.143618  |j 770009  |i 2720975497  |s Povinný výt.